Try to win the U.S elections(270 to win) - Statistics

General Stats
  • This quiz has been taken 10,324 times
  • The average score is 304 of 538
Answers on the Map
Answers color-coded by a green-red scale on the quiz's map according to % correct below.
 
Answer Stats
# State % Correct
54 California
93%
28 New York
91%
40 Texas
91%
30 Florida
90%
17 Ohio
74%
19 Pennsylvania
73%
15 Michigan
72%
16 Georgia
71%
19 Illinois
71%
12 Washington
67%
16 North Carolina
59%
13 Virginia
57%
11 Arizona
55%
8 Oregon
52%
10 Wisconsin
49%
14 New Jersey
48%
11 Indiana
46%
10 Minnesota
44%
6 Nevada
43%
10 Colorado
37%
4 Maine
37%
6 Iowa
34%
11 Massachusetts
33%
10 Maryland
29%
5 New Mexico
29%
6 Utah
29%
9 Alabama
28%
4 Idaho
28%
10 Missouri
28%
11 Tennessee
28%
4 Montana
25%
9 South Carolina
25%
8 Kentucky
24%
8 Louisiana
23%
3 Alaska
21%
3 District of Columbia
18%
4 Hawaii
18%
6 Kansas
18%
3 Vermont
17%
6 Arkansas
16%
7 Oklahoma
16%
6 Mississippi
14%
5 Nebraska
13%
4 New Hampshire
13%
3 Wyoming
13%
3 Delaware
12%
7 Connecticut
11%
3 North Dakota
10%
4 West Virginia
10%
4 Rhode Island
8%
3 South Dakota
8%
No matching quizzes found
Score Distribution
Percent of People with Each Score
Percentile by Number Answered
Your Score History
You have not taken this quiz